| 000 | 00772cab a2200253 4500 | ||
|---|---|---|---|
| 001 | WB3037-59 | ||
| 008 | 090401t1994 xxu||||| |||| 00| 0 eng d | ||
| 035 | _a(Sirsi) u62060 | ||
| 041 | _aeng | ||
| 245 | _aUBR changes to be phased in | ||
| 260 | _c1994 | ||
| 350 | _a0 | ||
| 490 |
_aFinancial Times _v4 October 1994, 10 |
||
| 490 |
_aDaily Telegraph _v4 October 1994, 24 |
||
| 490 |
_aDoE News Release _v(558) 3 October 1994 (4) |
||
| 520 | _aChanges in the Uniform Business Rate will be phased in gradually after next year`s revaluation according to the DoE. | ||
| 650 | _aBUSINESS RATES | ||
| 650 | _aNON-DOMESTIC RATES | ||
| 650 | _aPHASING | ||
| 650 | _aRATING REVALUATION 1995 | ||
| 690 | _aRATING AND VALUATION | ||
| 942 | _n0 | ||
| 948 | _c04/03/1997 | ||
| 999 |
_c38534 _d38534 |
||